000
00289nam a22001337a 4500
003
SGT
082
_a
617.7
_b
P96M
100
_a
MILLER, STEPHEN J H
245
_a
PARSON'S DISEASES OF THE EYE
250
_a
18TH
260
_a
NEWYORK
_b
CHURCHILL
_c
1996
300
_a
442
942
_2
ddc
_c
BK
999
_c
14007
_d
14007